El negro y la democracia norteamericana / (Registro nro. 13134)

Detalles MARC
000 -LIDER
fixed length control field 01126nam a2200349 a 4500
001 - NÚMERO DE CONTROL
Identificador de número de control 000006221
003 - IDENTIFICACDOR DE NÚMERO DE CONTROL
control field DO-SdBNP
005 - DATE AND TIME OF LATEST TRANSACTION
control field 20240123075054.0
008 - ELEMENTOS DE LONGITUD FIJA
fixed length control field 090827s1968 mx a 001 0 spa d
010 ## - NUMERO DE CONTROL DE BIBLIOTECA DEL CONGRESO
LC control number
040 ## - FUENTE DE CATALOGACIÓN
Agencia que crea de manera original el registro BPMSU
Idioma de catalogación spa
Agencia que realiza la transcripción BPMSU
082 ## - NÚMERO DE CLASIFICACIÓN DECIMAL DE DEWEY
Classification number 301.451
Item number G493n 1968
Edition number 22
092 ## - LOCALLY ASSIGNED DEWEY DECIMAL CALL NUMBER
Número de ítem (Cutter)
Número de edición
100 1# - ASIENTO PRINCIPAL -- NOMBRE PERSONAL
Nombre personal Ginzberg, Eli,
Fechas asociadas con el nombre 1911-
Mención de responsabilidad
245 13 - MENCIÓN DE TITULO
Título El negro y la democracia norteamericana /
Mención de responsabilidad Eli Ginzberg y Alfred S. Eichner ; traducción al español por Margarita Alvarez Franco.
Subtítulo
250 ## - MENCIÓN DE EDICION
Mención de edición
260 ## - PUBLICACIÓN, DISTRIBUCIÓN, ETC. (PIE DE IMPRENTA)
Lugar de publicación, distribución, etc México :
Nombre del editor, distribuidor, etc. Uteha,
Fecha de publicación, distribución, etc 1968
300 ## - DESCRIPCIÓN FÍSICA
Extensión 304 p. ;
Dimensiones 24 cm.
Otros detalles físicos
490 0# - MENCIÓN DE SERIES
Mención de serie Biblioteca "UTEHA" de historia
500 ## - NOTA GENERAL
Materiales especificados Incluye referencias bibliográficas y notas al pie de las páginas
590 ## - NOTA LOCAL
Texto de la nota local Inventariado, 2024/VM
650 #4 - ENCABEZAMIENTO DE MATERIA--TEMÁTICO
Término temático o nombre geográfico como elemento de entrada Negros
Subdivisión temática general Historia
650 #4 - ENCABEZAMIENTO DE MATERIA--TEMÁTICO
Término temático o nombre geográfico como elemento de entrada Segregación contra los negros.
651 #4 - ENCABEZAMIENTO DE MATERIA--NOMBRE GEOGRÁFICO
Nombre geográfico Estados Unidos
Subdivisión temática general Problemas raciales.
700 1# - ASIENTO SECUNDARIO -- NOMBRE PERSONAL
Nombre personal Eichner, Alfred S.
Mención de responsabilidad autor
700 1# - ASIENTO SECUNDARIO -- NOMBRE PERSONAL
Nombre personal Alvarez Franco, Margarita
Mención de responsabilidad tr.
710 ## - ASIENTO SECUNDARIO -- NOMBRE CORPORATIVO
Término de relación
910 ## - VALIDACIÓN
Validación VMateo V. Control de calidad. BPMSU
942 ## - ADDED ENTRY ELEMENTS (KOHA)
Source of classification or shelving scheme Dewey Decimal Classification
Koha item type Libros
956 ## - LOCAL ELECTRONIC LOCATION AND ACCESS (OCLC)
Nombre de host
Número de acceso
Información de compresión
Inicio de sesión
Procesador de solicitud
956 ## - LOCAL ELECTRONIC LOCATION AND ACCESS (OCLC)
Nombre de host
Número de acceso
Información de compresión
Inicio de sesión
Procesador de solicitud
Existencias
Withdrawn status Lost status Source of classification or shelving scheme Damaged status Not for loan Collection code Home library Current library Date acquired Source of acquisition Total Checkouts Full call number Barcode Date last seen Price effective from Koha item type
    Dewey Decimal Classification     Colección General Biblioteca Pública Metropolitana Salomé Ureña Biblioteca Pública Metropolitana Salomé Ureña 11/27/2017 FUNDI   BPMSU CG 301.451 G493n 1968 BPMSU17110462 11/27/2017 11/27/2017 Libros